000 00428nam a22001697a 4500
005 20251118124038.0
008 251118b |||||||| |||| 00| 0 eng d
037 _cTB
040 _aCRL
_cCRL
041 _2ARB
_aARB
084 _bCRL
245 _aAl-nashrah al-misria lil-matbuat al-majalla al-salis
260 _aCairo,
_c1966.
300 _a1775p.
942 _2CC
_cTB
_n0
999 _c1465454
_d1465454